[Event "Sala op"]
[Site "Sala"]
[Date "1993.??.??"]
[Round "8"]
[White "Mochalov, Evgeny V"]
[Black "Berzinsh, Roland"]
[Result "1-0"]
[WhiteElo "2445"]
[BlackElo "2395"]

1.d4 Nf6 2.c4 e6 3.g3 d5 4.Nf3 Be7 5.Bg2 O-O 6.Nc3 dxc4 7.O-O Nc6 8.e3 Rb8
9.Qa4 Nb4 10.Qxa7 Bd7 11.Ne5 Nfd5 12.Qxb8 Qxb8 13.Nxd7 Qa7 14.Nxf8 Bxf8 15.Nxd5 exd5
16.Bd2 c6 17.a3 Nd3 18.Bc3 g6 19.Rfd1 Qa4 20.Bf1 b5 21.Bxd3 cxd3 22.Rac1 Qc4
23.Bb4 Qb3 24.Bxf8 Kxf8 25.Rd2 b4 26.axb4 Qxb4 27.Rc3 Qa4 28.Kg2 h5 29.Rcxd3 Qa1
30.Rc3 Qe1 31.Rdc2 g5 32.Rxc6 h4 33.gxh4 Qd1 34.f3 gxh4 35.Rf2 Qe1 36.Rh6 Qxe3
37.Rxh4 f5 38.Rh5 Qd3 39.h4 Kf7 40.Kg3 Kg6 41.Rg5+ Kf6 42.Rg8 Qxd4 43.Rf8+ Kg6
44.Rg2 Qe5+ 45.Kh3+ Kh7 46.Rf7+ Kh6 47.Rfg7 Qe1 48.R2g6+ Kh5 49.Rg1 Qxh4+
50.Kg2 Kh6 51.Rg3  1-0

[Event "Salta"]
[Site "Salta"]
[Date "1993.??.??"]
[Round "1"]
[White "Acosta, Tomas"]
[Black "Bass, Alfredo"]
[Result "1-0"]
[WhiteElo "2250"]
[BlackElo "2280"]

1.d4 d5 2.c4 e6 3.Nf3 Nf6 4.g3 Be7 5.Bg2 O-O 6.O-O dxc4 7.Qc2 a6 8.a4 Nbd7
9.Nbd2 c5 10.Nxc4 cxd4 11.Rd1 e5 12.Ncxe5 Nxe5 13.Nxe5 Qa5 14.Nc4 Qc5 15.b4 Bf5
16.bxc5 Bxc2 17.Rd2 Be4 18.Nd6 Bxg2 19.Kxg2 b6 20.Ba3 bxc5 21.Nf5 Rfe8 22.Nxe7+ Rxe7
23.Bxc5 Ne4 24.Bxe7 Nxd2 25.Rd1 Nb3 26.Rb1 Nd2 27.Rb4 f5 28.Rxd4 Ne4 29.Bb4 Ra7
30.f3 Nf6 31.a5 Rd7 32.Rxd7 Nxd7 33.Kf2 Ne5 34.Ke3 Nc6 35.Bc3 Kf7 36.Kd3 Ke6
37.Kc4 Kd6 38.Bb4+ Kc7 39.Kc5 g6 40.Bc3 Nd8 41.Be5+ Kb7 42.Kd6 Nf7+ 43.Ke6 Nxe5
44.Kxe5 Kc6 45.e4 fxe4 46.fxe4 Kb5 47.Kd6  1-0

[Event "Salta"]
[Site "Salta"]
[Date "1993.??.??"]
[Round "9"]
[White "Acosta, Tomas"]
[Black "Nardini, Dante"]
[Result "0-1"]
[WhiteElo "2250"]
[BlackElo "2230"]

1.d4 Nf6 2.Nf3 e6 3.c4 d5 4.g3 Be7 5.Bg2 O-O 6.O-O Nbd7 7.b3 b6 8.Bb2 Bb7
9.Nc3 c5 10.dxc5 Nxc5 11.Ne5 Qb8 12.Nb5 Rd8 13.Qc1 a6 14.Na3 Qc7 15.cxd5 Bxd5
16.f3 Rac8 17.Nac4 Qa7 18.Qf4 Na4 19.bxa4 Bxc4 20.Nxc4 Rxc4 21.e4 Rxa4 22.Kh1 b5
23.Rac1 Nd5 24.Qg4 Bf6 25.Bxf6 Nxf6 26.Qg5 h6 27.Qh4 Rd2 28.Rg1 Kh7 29.Qf4 Raxa2
30.g4 Rac2 31.Rxc2 Rxc2 32.e5 Rc4 33.Qg3 Nd5 34.Bf1 Rc3 35.g5 hxg5 36.Qxg5 g6
37.h4 Qf2 38.Bg2 Rc4  0-1

[Event "San Fernando op"]
[Site "San Fernando"]
[Date "1993.??.??"]
[Round "4"]
[White "Ricardi, Pablo"]
[Black "Soppe, Guillermo"]
[Result "1/2-1/2"]
[WhiteElo "2480"]
[BlackElo "2460"]

1.d4 Nf6 2.c4 e6 3.g3 d5 4.Bg2 Be7 5.Nf3 O-O 6.O-O dxc4 7.Qc2 a6 8.Qxc4 b5
9.Qc2 Bb7 10.Bf4 Bd6 11.Bg5 Nbd7 12.Nbd2 h6 13.Bxf6 Nxf6 14.Rfd1 Rc8 15.Nb3 Be4
16.Qc3 Qe7 17.Rac1 Bd5 18.Ne5 Bxg2 19.Kxg2 Bxe5 20.dxe5 Nd5 21.Qc5 Qg5 22.Qd4 Nb6
23.Nc5 Rfd8 24.Qe4 Rxd1 25.Rxd1 a5 26.f4 Qe7 27.Qd4 a4 28.e4 Nc4 29.b3 axb3
30.axb3 Na5 31.Qc3 Nc6 32.Rd7 Qe8 33.f5 b4 34.Qb2 Nb8 35.Rd1 exf5 36.e6 fxe6
37.Qe5 Nc6 38.Qxe6+ Qxe6 39.Nxe6 fxe4 40.Rd7 Na5  1/2-1/2

[Event "San Martin"]
[Site "San Martin"]
[Date "1993.??.??"]
[Round "4"]
[White "Scarella, Enrique"]
[Black "Krogius, Nikolai V"]
[Result "1/2-1/2"]
[WhiteElo "2410"]
[BlackElo "2465"]

1.Nf3 Nf6 2.c4 e6 3.g3 d5 4.Bg2 Be7 5.d4 O-O 6.Nc3 dxc4 7.Ne5 c5 8.dxc5 Qc7
9.Nxc4 Qxc5 10.Qb3 Nc6 11.Be3 Nd4 12.Bxd4 Qxd4 13.O-O Rb8 14.Rac1 Bd7 15.Rfd1 Qc5
16.Ne4 Qb5 17.Qd3 Nd5 18.Nc3 Nxc3 19.Rxc3 Rfd8 20.Nd6 Qxd3 21.Rdxd3 Bc6 22.Bxc6 Rxd6
23.Rxd6 Bxd6 24.Bf3  1/2-1/2

[Event "San Martin"]
[Site "San Martin"]
[Date "1993.??.??"]
[Round "8"]
[White "Scarella, Enrique"]
[Black "Van Riemsdijk, Herman C"]
[Result "0-1"]
[WhiteElo "2410"]
[BlackElo "2405"]

1.c4 Nf6 2.Nf3 e6 3.g3 d5 4.d4 Be7 5.Bg2 O-O 6.O-O dxc4 7.Qc2 a6 8.Qxc4 b5
9.Qc2 Bb7 10.Bg5 Be4 11.Qc1 Nbd7 12.Nbd2 Bd5 13.Nb3 Rc8 14.Rd1 c5 15.Bxf6 Bxf6
16.dxc5 Qe7 17.Nfd4 Nxc5 18.Qe3 Bxg2 19.Kxg2 Na4 20.Rd2 Rfd8 21.Rad1 Qb7+
22.Kg1 h6 23.Nxe6 Rxd2 24.Rxd2 fxe6 25.Qxe6+ Kh8 26.e4 Qc6 27.Rd6 Qc2 28.Na5 Rf8
29.f4 Nc5 30.Qd5 Nxe4  0-1

[Event "Santiago ARAIS tt"]
[Site "Santiago"]
[Date "1993.??.??"]
[Round "9"]
[White "Bombardiere Rosas, Eduardo"]
[Black "Donoso Velasco, Pedro H"]
[Result "1/2-1/2"]
[WhiteElo "2270"]
[BlackElo "2370"]

1.c4 e6 2.Nf3 d5 3.g3 Nf6 4.Bg2 Be7 5.d4 O-O 6.O-O c5 7.cxd5 exd5 8.Nc3 Nc6
9.Bg5 Be6 10.dxc5 Bxc5 11.Bxf6 Qxf6 12.Nxd5 Qxb2 13.Nc7 Rad8 14.Qc1 Qxc1
15.Raxc1 Be7 16.Nxe6 fxe6 17.h4  1/2-1/2

[Event "Sevilla op"]
[Site "Sevilla"]
[Date "1993.??.??"]
[Round "5"]
[White "Veingold, Aleksandr"]
[Black "Jimenez Morales, Francisco"]
[Result "1-0"]
[WhiteElo "2475"]
[BlackElo "2240"]

1.d4 d5 2.c4 e6 3.Nf3 Nf6 4.g3 Be7 5.Bg2 O-O 6.O-O c6 7.Qc2 Ne4 8.b3 Nd7
9.Bb2 f5 10.Nbd2 Qe8 11.Nxe4 fxe4 12.Ne1 Qh5 13.f3 exf3 14.Bxf3 Qh3 15.Nd3 Bd6
16.e4 dxe4 17.Nf2 Qh6 18.Nxe4 Qg6 19.Qe2 Be7 20.Bh5 Qh6 21.Rxf8+ Nxf8 22.Qf3 g6
23.Rf1 Qg7 24.Bg4 Bd7 25.Rf2 h5 26.Bh3 Be8 27.d5 e5 28.d6 Bd8 29.Bxe5 Qxe5
30.Qxf8+ Kh7 31.d7 Bb6 32.Nf6+  1-0

[Event "Hospitalet op"]
[Site "Sitges"]
[Date "1993.??.??"]
[Round "7"]
[White "Marin, Mihail"]
[Black "Hergott, Deen"]
[Result "1/2-1/2"]
[WhiteElo "2515"]
[BlackElo "2430"]

1.d4 d5 2.c4 e6 3.Nf3 Nf6 4.g3 Be7 5.Bg2 O-O 6.O-O dxc4 7.Qc2 a6 8.Qxc4 b5
9.Qc2 Bb7 10.Bd2 Ra7 11.Rd1 Nbd7 12.Ba5 Qc8 13.b4 Qa8 14.Nbd2 Nb6 15.Rac1 Ne4
16.Ne5 Nxd2 17.Bxb7 Qxb7 18.Rxd2 Bd6 19.Bxb6 cxb6 20.Nc6 Raa8 21.a3 Rfc8
22.Rd3 Rc7 23.Rc3 Kh8 24.e4 h6 25.Qd2 Rac8 26.d5 f5 27.exf5 exd5 28.Qxd5 Bf8
29.h4 a5 30.Kh2 axb4 31.axb4 Bc5 32.bxc5 Qxc6 33.Qxc6 Rxc6 34.cxb6 Rxc3 35.Rxc3 Rb8
36.Kg2 b4 37.Rb3 Rxb6 38.Kf3 Rb5 39.Ke4 Kg8 40.g4 Kf7 41.h5 Kf6 42.Kd4 Kg5
43.Kc4 Rb8 44.f3 Kf4 45.Kc5 Kg3 46.Kc6 Rd8 47.Kc5 Rb8 48.Kd5 Rb6 49.Ke5 Rb8
50.Ke6 Rb7 51.Kd6 Rb5 52.Ke7 Rb7+ 53.Ke6 Kf4 54.Kd6 Rb5 55.Ke7 Rb7+ 56.Ke6 Kg3
57.Kd5 Rb6 58.Kc4 Rb7 59.Kd4 Rc7 60.Kd5 Rc8 61.Ke6 Rc7 62.Rxb4 Kxf3 63.f6 Rc6+
64.Kf7 Rxf6+ 65.Kxg7 Rc6 66.Ra4  1/2-1/2

[Event "SLO-ch"]
[Site "?"]
[Date "1993.??.??"]
[Round "?"]
[White "Tratar, Marko"]
[Black "Ivacic, Vladimir"]
[Result "1-0"]
[WhiteElo "2290"]
[BlackElo "2295"]

1.d4 Nf6 2.c4 e6 3.Nf3 d5 4.g3 Be7 5.Bg2 O-O 6.O-O c6 7.Nc3 Nbd7 8.b3 Qa5
9.Bb2 b5 10.c5 b4 11.Nb1 Qb5 12.Nbd2 a5 13.a3 Ba6 14.Re1 Qb8 15.Qc2 Bb5 16.e4 bxa3
17.Rxa3 Bd8 18.e5 Ne8 19.Bc3 Bc7 20.Ng5 g6 21.Rea1 Qd8 22.f4 Ng7 23.Nf1 f6
24.Nf3 fxe5 25.fxe5 Nf5 26.Qd2 Qe7 27.Ne3 Qg7 28.Bxa5 Bxa5 29.Rxa5 Rab8 30.Ra7 Rf7
31.Ng5 Re7 32.Nxf5 gxf5 33.Nh3 Kh8 34.Ra8 Qf8 35.Rxb8 Qxb8 36.Nf4 Nf8 37.Qa5 Kg7
38.Bf3 Ng6 39.Nh5+ Kf7 40.Qd2 Ke8 41.Nf6+ Kd8 42.Ra5 Kc8 43.Bh5 Nxe5 44.Qa2  1-0

[Event "SLO-chT"]
[Site "?"]
[Date "1993.??.??"]
[Round "?"]
[White "Osmanbegovic, Suad"]
[Black "Kobal, P."]
[Result "1-0"]
[WhiteElo "2355"]
[BlackElo "2000"]

1.d4 e6 2.c4 d5 3.g3 Nf6 4.Bg2 Be7 5.Nf3 O-O 6.O-O c6 7.Qc2 Nbd7 8.Nbd2 Re8
9.Rd1 Nf8 10.e4 dxe4 11.Nxe4 Nxe4 12.Qxe4 Ng6 13.h4 Bf6 14.h5 Ne7 15.Bf4 h6
16.Rd2 Qa5 17.g4 Bd7 18.Bd6 Rad8 19.b4 Qb6 20.Bf1 a5 21.Bd3 g6 22.Rb1 Bg7
23.Bc5 Qc7 24.bxa5 f5 25.Qe3 fxg4 26.Bb6 Qb8 27.Bxd8 gxf3 28.Bxe7 Rxe7 29.Bxg6 Qa7
30.d5 Qxa5 31.Rxb7 Qa8 32.Rxd7  1-0

[Event "SLO-chT"]
[Site "?"]
[Date "1993.??.??"]
[Round "?"]
[White "Osmanbegovic, Suad"]
[Black "Brglez, Rado"]
[Result "1-0"]
[WhiteElo "2355"]
[BlackElo "2310"]

1.g3 Nf6 2.Bg2 d5 3.c4 e6 4.Nf3 Be7 5.d4 O-O 6.O-O dxc4 7.Qc2 a6 8.Nbd2 c5
9.dxc5 Bxc5 10.Nxc4 Qe7 11.b4 Ba7 12.Bf4 Rd8 13.Bd6 Qe8 14.Bc7 Rd7 15.Nce5 Rd5
16.Ng5 Nc6 17.Nxc6 Rxg5 18.Nxa7 Rxa7 19.Bf4 Rf5 20.e4 Rb5 21.a4 Rh5 22.Bf3 Rh3
23.Qc7 e5 24.Rfd1  1-0

[Event "St Ingbert op"]
[Site "St Ingbert"]
[Date "1993.??.??"]
[Round "7"]
[White "Kabatianski, Alexandr"]
[Black "Spiegel, Stefan"]
[Result "1-0"]
[WhiteElo "2335"]
[BlackElo "2265"]

1.Nf3 Nf6 2.c4 e6 3.g3 d5 4.d4 Be7 5.Bg2 c6 6.O-O Nbd7 7.Qc2 b6 8.b3 Bb7
9.Nc3 O-O 10.Rd1 Rc8 11.e4 b5 12.e5 Ne8 13.c5 f6 14.exf6 Bxf6 15.Re1 Nxc5
16.dxc5 b4 17.Bb2 bxc3 18.Bxc3 Nc7 19.Be5 Qd7 20.Rad1 Rce8 21.Re3 Bxe5 22.Nxe5 Qe7
23.h4 Nb5 24.a4 Nc7 25.Qc3 Rb8 26.Rd4 Na6 27.b4 Nc7 28.Bf1 Ba8 29.Re1 a5
30.bxa5 Rfd8 31.a6 Ne8 32.Bd3 Nf6 33.Rf4 d4 34.Rxd4 Nd5 35.Qc2 Nf6 36.Rxd8+ Rxd8
37.Bc4 Nd5 38.Nd3 Qf6 39.Qe2 Re8 40.Qe5  1-0

[Event "St Martin op"]
[Site "St Martin"]
[Date "1993.??.??"]
[Round "7"]
[White "Gurevich, Dmitry"]
[Black "Jost, Claude"]
[Result "1-0"]
[WhiteElo "2495"]
[BlackElo "2340"]

1.d4 d5 2.c4 e6 3.Nf3 Nf6 4.g3 Be7 5.Bg2 O-O 6.O-O dxc4 7.Nc3 c5 8.dxc5 Qxd1
9.Rxd1 Bxc5 10.Ne5 Nc6 11.Nxc6 bxc6 12.Bxc6 Rb8 13.Na4 Be7 14.Be3 Bb7 15.Bxb7 Rxb7
16.a3 Rc8 17.Rac1 h6 18.b4 Nd5 19.Bd4 f5 20.Bc5 Nb6 21.Nxb6 axb6 22.Bxe7 Rxe7
23.Rd6 c3 24.b5 c2 25.Rc6 Rxc6 26.bxc6 Rc7 27.Rxc2 Kf7 28.Kg2 Ke7 29.Kf3 Kd6
30.e4 Rxc6 31.Rxc6+ Kxc6 32.exf5 exf5 33.Kf4 g6 34.h4 Kb5 35.h5 gxh5 36.Kxf5 Ka4
37.Kg6 Kxa3 38.f4 b5 39.f5 b4 40.f6 b3 41.f7  1-0

[Event "St Petersburg op"]
[Site "St Petersburg"]
[Date "1993.??.??"]
[Round "?"]
[White "Shipov, Sergei"]
[Black "Shneider, Aleksandr"]
[Result "1-0"]
[WhiteElo "2500"]
[BlackElo "2560"]

1.d4 Nf6 2.c4 e6 3.g3 d5 4.Bg2 Be7 5.Nf3 O-O 6.O-O dxc4 7.Qc2 a6 8.Qxc4 b5
9.Qc2 Bb7 10.Bd2 Be4 11.Qc1 Bb7 12.Qc2 Be4 13.Qc1 Bb7 14.Bf4 Nd5 15.Nc3 Nxf4
16.Qxf4 c5 17.dxc5 Bxc5 18.Rfd1 Qe7 19.Rac1 Ra7 20.Ne5 Bxg2 21.Kxg2 Rc7 22.Ne4 Bb6
23.Qf3 f5 24.Nc3 Rfc8 25.e3 Bc5 26.Ne2 Bd6 27.Nd3 Nc6 28.Rc3 Ne5 29.Rxc7 Qxc7
30.Nxe5 Bxe5 31.Nd4 Qf7 32.b3 g5 33.h3 h5 34.g4 fxg4 35.hxg4 Bxd4 36.Rxd4 Qxf3+
37.Kxf3 Rf8+ 38.Kg3  1-0

[Event "St Petersburg zt"]
[Site "St Petersburg"]
[Date "1993.??.??"]
[Round "1"]
[White "Budnikov, Alexandar"]
[Black "Pigusov, Evgeny"]
[Result "0-1"]
[WhiteElo "2520"]
[BlackElo "2575"]

1.d4 Nf6 2.Nf3 e6 3.c4 d5 4.g3 Be7 5.Bg2 O-O 6.O-O dxc4 7.Qc2 a6 8.Qxc4 b5
9.Qc2 Bb7 10.Bd2 Nc6 11.e3 Ra7 12.Rc1 Qa8 13.Ne1 Nb8 14.Bxb7 Rxb7 15.Nd3 Rc8
16.Be1 a5 17.Nd2 a4 18.b3 Ra7 19.Rab1 axb3 20.axb3 Ra2 21.Rb2 Rxb2 22.Qxb2 Nbd7
23.Qc2 c6 24.f3 Qb8 25.f4 Nd5 26.Bf2 Ba3 27.Ra1 Bf8 28.Ne4 Nb4 29.Nxb4 Bxb4
30.Be1 Be7 31.Rc1 Qb7 32.g4 h6 33.h4 c5 34.dxc5 Bxc5 35.Bf2 Rc7 36.Qd3 b4
37.g5 Be7 38.Rd1 Nb6 39.Ng3 Rd7 40.Qe2 hxg5 41.hxg5 Rxd1+ 42.Qxd1 Nd5 43.Qc2 Nc3
44.Qd3 g6 45.e4 Qc7 46.Be3 Bxg5 47.e5 Be7 48.Bd2 Qa7+ 49.Kf1 Qa1+ 50.Kg2 Qd1  0-1

[Event "FRM-ch"]
[Site "Struga"]
[Date "1993.??.??"]
[Round "6"]
[White "Andonovski, Ljubisa"]
[Black "Stojanovski, Icko"]
[Result "1-0"]
[WhiteElo "2265"]
[BlackElo "2260"]

1.d4 Nf6 2.c4 e6 3.Nf3 Be7 4.g3 d5 5.Bg2 O-O 6.O-O c6 7.Qc2 Nbd7 8.Rd1 b6
9.b3 Bb7 10.Nc3 Rc8 11.e4 dxe4 12.Nxe4 Nxe4 13.Qxe4 Nf6 14.Qe2 Qe8 15.Bb2 Rc7
16.Ne5 Qc8 17.h4 Rd8 18.Bh3 Bf8 19.h5 Re7 20.Ba3 Ree8 21.Bxf8 Kxf8 22.h6 g6
23.Qf3 Ke7 24.Qf4 Rd6 25.Qg5 Red8 26.Ng4 e5 27.Re1 e4 28.Nxf6 Qxh3 29.Nxe4+ f6
30.Nxd6+ Kxd6 31.Qxf6+  1-0

[Event "EU-ch U18 Girls"]
[Site "Svitavy"]
[Date "1993.??.??"]
[Round "9"]
[White "Lomineishvili, Maia"]
[Black "Aleksieva, Silvia"]
[Result "0-1"]
[WhiteElo "2080"]
[BlackElo "2145"]

1.d4 d5 2.c4 e6 3.g3 Nf6 4.Bg2 Be7 5.Nf3 O-O 6.O-O dxc4 7.Qc2 a6 8.a4 Bd7
9.Ne5 Bc6 10.Nxc6 Nxc6 11.e3 Na5 12.Na3 c5 13.Nxc4 cxd4 14.Nxa5 Qxa5 15.Bxb7 Rab8
16.Bg2 Bc5 17.e4 Rfc8 18.Qd3 Nd7 19.f4 Qb6 20.Kh1 Qb3 21.Qd2 Ba7 22.Ra3 Qc2
23.b4 Qc4 24.f5 e5 25.Qg5 f6 26.Qh5 Qxb4 27.Raf3 Qxa4 28.g4 Rb1 29.Rh3 Nf8
30.Ra3 Qb5  0-1

[Event "SWZ-ch"]
[Site "?"]
[Date "1993.??.??"]
[Round "?"]
[White "Summermatter, Daniel"]
[Black "Almada, Enrique"]
[Result "1-0"]
[WhiteElo "2335"]
[BlackElo "2345"]

1.d4 Nf6 2.c4 e6 3.g3 d5 4.Nf3 Be7 5.Bg2 O-O 6.O-O c6 7.Nc3 b6 8.Ne5 Bb7
9.e4 Bb4 10.Bg5 Bxc3 11.bxc3 h6 12.Bxf6 Qxf6 13.f4 Qe7 14.Qa4 b5 15.Qa5 dxc4
16.f5 exf5 17.Rxf5 f6 18.Ng6 Qd8 19.Qxd8 Rxd8 20.e5 Kf7 21.e6+ Kxg6 22.Be4 c5
23.Rd5+ f5 24.Bxf5+ Kf6 25.Rxd8 Nc6 26.Rxa8 Bxa8 27.Rf1 cxd4 28.cxd4 Ke7
29.Be4 Kxe6 30.Rf8  1-0

[Event "SWZ-chT"]
[Site "?"]
[Date "1993.??.??"]
[Round "?"]
[White "Sutter, Oliver"]
[Black "Ammann, Walter"]
[Result "1-0"]
[WhiteElo "2245"]
[BlackElo "2335"]

1.d4 Nf6 2.c4 e6 3.Nf3 d5 4.g3 Be7 5.Bg2 O-O 6.O-O c6 7.Qc2 b6 8.b3 Bb7 9.Nc3 Na6
10.Rd1 Rc8 11.e4 c5 12.exd5 exd5 13.Ne5 cxd4 14.Nb5 Qe8 15.Nxd4 Bc5 16.Qf5 Rd8
17.Bh6 Rd6 18.Bxg7 Kxg7 19.Qg5+ Kh8 20.Nf5 Rg8 21.Nxd6 Rxg5 22.Nxe8 Rxe5
23.Nxf6 Re2 24.Ng4 Bc8 25.Ne3 d4 26.Nd5 d3 27.Rxd3 Rxf2 28.Kh1 Bg4 29.a3 Rb2
30.b4 Bf2 31.Nf4 Nc7 32.Rc1 Ne6 33.Nxe6 fxe6 34.c5 bxc5 35.bxc5 Bf5 36.Rd8+ Kg7
37.c6 Bb6 38.Rd7+ Kf6 39.Rb7 Rxg2 40.Kxg2 Be4+ 41.Kh3  1-0

[Event "Tel Aviv"]
[Site "Tel Aviv"]
[Date "1993.??.??"]
[Round "?"]
[White "Davies, Nigel R"]
[Black "Teplitsky, Yan"]
[Result "1-0"]
[WhiteElo "2470"]
[BlackElo "2375"]

1.Nf3 d5 2.d4 Nf6 3.c4 e6 4.g3 Be7 5.Bg2 O-O 6.O-O b6 7.cxd5 exd5 8.Nc3 Bb7
9.Qc2 Na6 10.Bf4 Re8 11.Rad1 Bf8 12.a3 c6 13.Be5 h6 14.Bxf6 Qxf6 15.Ne5 Rac8
16.Qa4 b5 17.Qc2 Qd8 18.b4 Nc7 19.Qb3 Ne6 20.e3 a5 21.Nd3 axb4 22.axb4 Rc7
23.Ra1 Bd6 24.Ne2 Rce7 25.Rfc1 h5 26.Ne5 Qb6 27.Nf4 h4 28.Nfd3 hxg3 29.hxg3 Ng5
30.Ra2 Ne4 31.Rac2 Re6 32.Rxc6 Bxc6 33.Rxc6 Qa7 34.Qxd5 Bxe5 35.Rxe6 Rxe6
36.Qd8+ Kh7 37.Bxe4+ g6 38.Nxe5 Kg7 39.Nd7 Qa6 40.Qf8+ Kh7 41.Qxf7+ Kh6  1-0

[Event "Tel Aviv"]
[Site "Tel Aviv"]
[Date "1993.??.??"]
[Round "?"]
[White "Birnboim, Nathan"]
[Black "Teplitsky, Yan"]
[Result "1/2-1/2"]
[WhiteElo "2395"]
[BlackElo "2375"]

1.d4 Nf6 2.c4 e6 3.g3 d5 4.Bg2 Be7 5.Nf3 O-O 6.O-O Nbd7 7.Qc2 c6 8.b3 b6
9.Rd1 Bb7 10.Nc3 Qc7 11.Bf4 Bd6 12.Bxd6 Qxd6 13.e4 Nxe4 14.Nxe4 dxe4 15.Qxe4 Rfd8
16.Qc2 Qe7 17.Re1 c5 18.d5 Qf6 19.Rad1 exd5 20.cxd5 Re8 21.Nd2 Rad8 22.Ne4 Qg6
23.b4 Re5 24.Qa4 Nf8 25.Qxa7 Rexd5 26.Rxd5 Bxd5 27.bxc5 bxc5 28.Qc7 Re8 29.Nf6+ gxf6
30.Rxe8 Qb1+ 31.Bf1 Bc4 32.Rxf8+ Kg7 33.Rxf7+ Bxf7 34.a4 c4 35.a5 Qb5 36.h4 h5
37.Be2 Kg6 38.Bf3 Bd5 39.Bxd5 Qxd5 40.a6 Qd1+ 41.Kh2 Qd4 42.Qf4 Qxf4 43.gxf4 c3
44.a7 c2 45.a8=Q c1=Q 46.Qe4+ Kh6 47.f5 Qc7+ 48.Kh3 Qd7 49.Qe6 Qd8 50.Qe3+ Kh7
51.Qe2 Kh6 52.Qe6 Kg7 53.Qe2 Kh6 54.Qe3+ Kh7 55.Qg3 Qe8 56.Qc7+ Kh8 57.Qd6 Kg7
58.Kg3 Qf7 59.Qd8 Qb3+ 60.Kh2 Qf7 61.Qd3 Kh7 62.Kg2 Qb7+ 63.Qf3 Qf7 64.Qe4 Kg7
65.Qc6 Qe7 66.Kf3  1/2-1/2

[Event "Tilburg rapid20"]
[Site "Tilburg"]
[Date "1993.??.??"]
[Round "1"]
[White "Andersson, Ulf"]
[Black "Winants, Luc"]
[Result "1-0"]
[WhiteElo "2625"]
[BlackElo "2490"]

1.d4 Nf6 2.Nf3 d5 3.c4 e6 4.g3 Be7 5.Bg2 O-O 6.O-O dxc4 7.Qc2 a6 8.Qxc4 b5
9.Qc2 Bb7 10.Bg5 Nbd7 11.Nbd2 Rc8 12.Bxf6 Nxf6 13.Nb3 Be4 14.Qc3 Nd7 15.Rfd1 c6
16.Rac1 Qb6 17.Nc5 Nxc5 18.dxc5 Qc7 19.Ne5 Bxg2 20.Rd7 b4 21.Qd4 Qa5 22.Rxe7 Bd5
23.e4 Bxa2 24.Ra1 Rcd8 25.Qe3 Qa4 26.Kg2 Rd1 27.Qf3 Rxa1 28.Rxf7 Rd8 29.Rxg7+ Kxg7
30.Qf7+ Kh8 31.Qf6+  1-0

[Event "Tilburg rapid20"]
[Site "Tilburg"]
[Date "1993.??.??"]
[Round "4"]
[White "Kaidanov, Grigory S"]
[Black "Karpov, Anatoly"]
[Result "0-1"]
[WhiteElo "2640"]
[BlackElo "2760"]

1.d4 Nf6 2.c4 e6 3.g3 d5 4.Bg2 Be7 5.Nf3 O-O 6.O-O dxc4 7.Qc2 a6 8.a4 Bd7
9.Qxc4 Bc6 10.Bg5 Nbd7 11.Nc3 h6 12.Bf4 Nb6 13.Qd3 Nbd5 14.Be5 a5 15.Bxf6 Bxf6
16.e4 Nb4 17.Qd2 e5 18.d5 Bd7 19.h3 c6 20.Rfd1 Qb6 21.Qe2 Rfe8 22.Nd2 Nc2
23.Nc4 Qb3 24.Rac1 Nd4 25.Qf1 Qb4 26.f4 Rad8 27.Kh2 c5 28.Ra1 Ra8 29.Ra3 b5
30.axb5 Bxb5 31.Nxb5 Nxb5 32.Rf3 Nd4 33.Rf2 Ra7 34.d6 a4 35.Ra1 Qb5 36.Rc1 Qc6
37.Qd3 Qa6 38.Rcf1 Qb5 39.Rc1 Rd7 40.h4 Rxd6 41.Bf1 Rdd8 42.Qa3 exf4 43.Nd6 Qc6
44.Nxe8 fxg3+ 45.Qxg3 Rxe8 46.Kg1 Nb3 47.Rcc2 Bd4 48.Bc4 Rf8 49.Bd5 Qd7 50.Kh1 Bxf2
51.Rxf2 Nd4 52.Rg2 Ne6 53.Qe5 Kh8 54.Kg1 Qc7 55.Qc3 Nd4 56.Qe3 Qe5 57.Qa3 Qe7
58.Qg3 f5  0-1

[Event "Tilburg"]
[Site "Tilburg"]
[Date "1993.??.??"]
[Round "4"]
[White "Kaidanov, Grigory S"]
[Black "Karpov, Anatoly"]
[Result "1/2-1/2"]
[WhiteElo "2640"]
[BlackElo "2760"]

1.d4 Nf6 2.c4 e6 3.g3 d5 4.Bg2 Be7 5.Nf3 O-O 6.O-O dxc4 7.Qc2 a6 8.a4 Bd7
9.Qxc4 Bc6 10.Bg5 a5 11.Nc3 Na6 12.Bxf6 Bxf6 13.e4 Nb4 14.Rfd1 b6 15.Rac1 Bb7
16.e5 Be7 17.Ne1  1/2-1/2

[Event "EU-ch U18"]
[Site "Vejen"]
[Date "1993.??.??"]
[Round "8"]
[White "Papaioannou, Ioannis"]
[Black "Izsak, Gyula"]
[Result "1-0"]
[WhiteElo "2385"]
[BlackElo "2385"]

1.d4 d5 2.c4 e6 3.Nf3 Nf6 4.g3 Be7 5.Bg2 O-O 6.O-O Nbd7 7.b3 b6 8.Nc3 Bb7
9.Bb2 c5 10.cxd5 Nxd5 11.Nxd5 Bxd5 12.Qd3 cxd4 13.Bxd4 Nc5 14.Qe3 Rc8 15.Rad1 Qc7
16.h4 Rfd8 17.Bh3 Bxf3 18.Qxf3 Nd7 19.Rc1 Qxc1 20.Rxc1 Rxc1+ 21.Kh2 Bf6 22.Qe4 Bxd4
23.Qxd4 Rcc8 24.Qa4 Rc7 25.Bg2 Nf6 26.g4 h6 27.g5 hxg5 28.hxg5 Nh7 29.g6 fxg6
30.Qe4 Nf8 31.Bh3 Re7 32.b4 Rd2 33.a3 Ra2 34.Qe3 Rc2 35.Bg4 Rc4 36.Kg3 Rc6
37.Qd4 Rcc7 38.Kg2 Rcd7 39.Qe5 Re8 40.a4 Ree7 41.Bf3 Rf7 42.Be4 Rc7 43.Bd3 Rce7
44.Qb8 Rb7 45.Qe8 Rfe7 46.Qa8 Kf7 47.a5 bxa5 48.bxa5 Rbc7 49.Qf3+ Kg8 50.a6 Red7
51.Qa8 Kf7 52.Be4 e5 53.Bb7 Ne6 54.Qxa7 Nc5 55.Bd5+ Ke7 56.Qb6 Nxa6 57.Qe6+ Kf8
58.Qxa6 Rc5 59.e4 Ke7 60.Qe6+ Kd8 61.Qxe5  1-0

[Event "EU-ch U18"]
[Site "Vejen"]
[Date "1993.??.??"]
[Round "10"]
[White "Fyllingen, Roy Harald"]
[Black "Vedder, Henk"]
[Result "0-1"]
[WhiteElo "2330"]
[BlackElo "2385"]

1.d4 d5 2.c4 e6 3.Nf3 Nf6 4.g3 Be7 5.Bg2 c6 6.O-O b5 7.b3 a5 8.Bf4 O-O 9.Nbd2 Nbd7
10.Qc2 Ba6 11.c5 Nh5 12.Bd6 Bxd6 13.cxd6 Qb8 14.Ne5 Nhf6 15.Rfc1 Rc8 16.g4 Qxd6
17.g5 Ne8 18.Ndf3 Nxe5 19.dxe5 Qd8 20.Qc5 Bb7 21.Rd1 Nc7 22.Rd4 Qf8 23.Qc2 c5
24.Rh4 g6 25.Rh6 d4 26.h4 Bxf3 27.Bxf3 Ra7 28.h5 Ne8 29.Be4 Ng7 30.Kg2 Qd8
31.Qd2 Nf5 32.Bxf5 exf5 33.f4 Qd5+ 34.Kf2 c4 35.Rd1 Rd8 36.bxc4 bxc4 37.Kg3 Qe4
38.Rc1 Rc8 39.e6 c3 40.exf7+ Rxf7 41.Qd3 Qxd3+ 42.exd3 Rg7 43.Rh1 Re8 44.hxg6 hxg6
45.Kf2 Kf7 46.Re1 Rxe1 47.Kxe1 Ke6 48.Kd1 Kd5 49.Kc1 Kc5 50.Rh8 Re7 51.Rc8+ Kb5
52.Rc4 Re1+ 53.Kc2 Re2+ 54.Kb1 Rb2+ 55.Ka1 Rb4 56.Rc8 Ka4 57.Rc5 Rb8 58.Rc4+ Ka3
59.Rc5 Rh8 60.Kb1 Rh1+ 61.Kc2 Rh2+ 62.Kc1 Rd2 63.Rxa5+ Kb4 64.Ra6 Rxd3 65.Rxg6 Rg3
66.Rg8 d3 67.Rb8+ Ka5  0-1

[Event "Vicente Lopez op"]
[Site "Vicente Lopez"]
[Date "1993.??.??"]
[Round "1"]
[White "Giardelli, Sergio C"]
[Black "Monetti, Carlos"]
[Result "1/2-1/2"]
[WhiteElo "2425"]
[BlackElo "1930"]

1.d4 Nf6 2.c4 e6 3.Nf3 d5 4.g3 Be7 5.Bg2 O-O 6.O-O Nbd7 7.Qc2 c6 8.Rd1 Ne4
9.b3 f5 10.e3 Ndf6 11.Ne1 Bd7 12.f3 Nd6 13.Nd3 Rc8 14.Ba3 b5 15.Nd2 a5 16.Nc5 b4
17.Bb2 Nf7 18.Rac1 g5 19.e4 f4 20.cxd5 exd5 21.e5 Bxc5 22.dxc5 Nh5 23.Ne4 Bf5
24.g4 Bxe4 25.fxe4 Ng7 26.exd5 cxd5 27.Bxd5 Qe7 28.c6 Ne6 29.Be4 Rfd8 30.Bxh7+ Kg7
31.Rd6 Qa7+ 32.Kh1 Qe3 33.Bf5 Nxd6 34.exd6+ Kf8 35.d7 Rxd7 36.Bxe6 Qxe6 37.cxd7 Qd5+
38.Qg2 Rxc1+ 39.Bxc1 Qd1+ 40.Qg1  1/2-1/2

[Event "Villa Ballester op"]
[Site "Villa Ballester"]
[Date "1993.??.??"]
[Round "3"]
[White "Bronstein, Luis"]
[Black "Sakurai, Leonardo"]
[Result "1-0"]
[WhiteElo "2425"]
[BlackElo "2275"]

1.d4 Nf6 2.c4 e6 3.Nf3 d5 4.g3 Be7 5.Bg2 O-O 6.O-O Nbd7 7.Qc2 c5 8.cxd5 Nxd5
9.Nc3 Nb4 10.Qd1 cxd4 11.Nxd4 Ne5 12.a3 Nbc6 13.Nxc6 Nxc6 14.b4 Bf6 15.Bb2 a5
16.b5 Qxd1 17.Rfxd1 Nd4 18.Rab1 Nf5 19.Na4 Bxb2 20.Rxb2 e5 21.Nb6 Rb8 22.Nxc8 Rfxc8
23.Bh3 g6 24.e4 Nd4 25.Bxc8 Rxc8 26.f4 f6 27.fxe5 fxe5 28.Rf1 Rc3 29.b6 Rxa3
30.Rc1 a4 31.Rc8+ Kg7 32.Rc7+ Kh6 33.Rxb7 Rb3 34.Rf2 a3 35.Ra7 Rxb6 36.Rxa3 Rb1+
37.Rf1 Rb2 38.Rf2 Rb1+ 39.Kg2 Re1 40.h4 Rxe4 41.Kh3 Nf5 42.Ra6 Kh5 43.Ra7 h6
44.Ra3 Rg4 45.Raf3 Nd6 46.Rd2 Ne4 47.Rd7 g5 48.Rg7 Nd2 49.hxg5 Rxg5 50.Rf5  1-0

[Event "Vinkovci"]
[Site "Vinkovci"]
[Date "1993.??.??"]
[Round "11"]
[White "Kozul, Zdenko"]
[Black "Kovacevic, Vlatko"]
[Result "1/2-1/2"]
[WhiteElo "2595"]
[BlackElo "2475"]

1.d4 Nf6 2.Nf3 e6 3.c4 d5 4.g3 Be7 5.Bg2 O-O 6.O-O Nbd7 7.Qc2 c6 8.Nbd2 b6
9.e4 Bb7 10.e5 Ne8 11.cxd5 cxd5 12.Re1 Rc8 13.Qb3  1/2-1/2

[Event "Werfen op"]
[Site "Werfen"]
[Date "1993.??.??"]
[Round "6"]
[White "Piven, Igor"]
[Black "Shalamberidze, Akaki"]
[Result "0-1"]
[WhiteElo "2345"]
[BlackElo "2330"]

1.d4 d5 2.Nf3 Nf6 3.c4 e6 4.g3 Be7 5.Bg2 O-O 6.Qc2 Ne4 7.O-O c6 8.b3 b6 9.Nbd2 f5
10.Bb2 Bb7 11.Ne5 Nd7 12.Nd3 Bd6 13.e3 Qe7 14.Nf3 c5 15.Nfe5 Rac8 16.Qe2 Rcd8
17.Rfd1 g5 18.cxd5 exd5 19.Rac1 Nxe5 20.dxe5 Bb8 21.f3 Ba6 22.Qc2 c4 23.fxe4 cxd3
24.Qc3 fxe4 25.e6 d4 26.exd4 Rc8 27.Qd2 Bb7 28.d5 Bxd5 29.Qe3 Bd6 30.Bxe4 Bxe6
31.Qxd3 Rxc1 32.Rxc1 Bc5+ 33.Kh1 Bg4 34.Bd5+ Be6 35.Qe4 Bxd5 36.Qxd5+ Rf7
37.Rf1 Qb7 38.Qxb7 Rxb7 39.Rf5 h6 40.Re5 Rd7 41.Re2 g4 42.Bc3 Rd1+ 43.Re1 Rd3
44.Be5 Rd2 45.Ra1 h5 46.a3 a5 47.Bc3 Rd3 48.b4 Rxc3 49.bxc5 Rxc5 50.Rb1 b5
51.h3 b4 52.hxg4 hxg4 53.axb4 Rb5 54.Kg2 axb4 55.Kf2 b3 56.Rb2 Rf5+ 57.Kg2 Rf3
58.Rd2 Rc3 59.Kf2 Rc2 60.Ke3 Rxd2 61.Kxd2 Kf7  0-1